Un gran triunfo de Colombia (Record no. 115708)
[ view plain ]
| 000 -LEADER | |
|---|---|
| campo de control de longitud fija | 00463nam a2200133 i 4500 |
| 001 - NÚMERO DE CONTROL | |
| campo de control | 115708 |
| 003 - IDENTIFICADOR DE NÚMERO DE CONTROL | |
| campo de control | ES-MaACL |
| 007 - CAMPO FIJO DE DESCRIPCIÓN FÍSICA--INFORMACIÓN GENERAL | |
| campo de control de longitud fija | t| |
| 008 - DATOS DE LONGITUD FIJA--INFORMACIÓN GENERAL | |
| campo de control de longitud fija | 070504s1933 sp ||||1| spa d |
| 245 03 - MENCIÓN DEL TÍTULO | |
| Título | Un gran triunfo de Colombia |
| Resto del título | : los derechos de Colombia y la actitud del gobierno del Perú juzgados por la Sociedad de Naciones y los Estados Unidos de América. |
| 260 ## - PUBLICACIÓN, DISTRIBUCIÓN, ETC. | |
| Lugar de publicación, distribución, etc. | Madrid : |
| Nombre del editor, distribuidor, etc. | Juan Pueyo, |
| Fecha de publicación, distribución, etc. | 1933. |
| 300 ## - DESCRIPCIÓN FÍSICA | |
| Extensión | 100, IV p. ; |
| Dimensiones | 20 cm. |
| 852 ## - LOCALIZACIÓN | |
| Ubicación | ES-MaACL |
| Número de control de estantería | B-8149 |
| Estatus retirado | Estado de pérdida | Estado de daño | No para préstamo | Biblioteca de origen | Biblioteca actual | Ubicación en estantería | Fecha de adquisición | Fuente de adquisición | Total de préstamos | Signatura topográfica completa | Código de barras | Visto por última vez | Precio de reemplazo | Tipo de ítem Koha |
|---|---|---|---|---|---|---|---|---|---|---|---|---|---|---|
| Biblioteca del Ateneo de Madrid | Biblioteca del Ateneo de Madrid | Sala Pardo Bazán | 17/01/2008 | B-8149 | 1120664 | 23/02/2023 | 23/02/2023 | Libro impreso |
